Smreky žlté ako citróny, občas majú aj žlto zelený melír!

Bibliographic Details
Main Author: Maňkovská, Blanka, 1942- (Author)
Format: Article
Language:Slovak
ISSN:1336-0612
Subjects:

MARC

LEADER 00000nab a2200000 a 4500
001 vtls000861286
003 SK-MaSNL
005 20260304172822.0
008 250526c2003 xo 0 slo
015 |a SNBRB2004/02-03654 
035 |a CLN000212882 
035 |a urn:nbn:sk:snk-ab27qf 
035 |a (urnnbn)urn:nbn:sk:snk:ar-a01w9y 
035 |a (uuid)484de350-2082-4d6b-9baf-72af30d1c2d3 
040 |a SNKBUCL  |b slo  |c SNKBUCL  |e AACR2 
041 0 |a slo 
044 |a xo  |c SK 
080 |a 630*46(437.6)  |2 UDC-MRF-SK2 
100 1 |a Maňkovská, Blanka,  |d 1942-  |4 aut  |9 97613 
245 1 0 |a Smreky žlté ako citróny, občas majú aj žlto zelený melír!  |c Blanka Maňkovská 
650 0 7 |a smrekové porasty  |2 snkbucl  |9 29335 
650 0 7 |a imisie  |2 snkbucl  |9 14222 
651 7 |a Spišská Magura (Slovensko : pohorie)  |2 snkbucl  |9 30379 
651 7 |a Kysuce (Slovensko : región)  |2 snkbucl  |9 165903 
655 7 |a články z novín a časopisov  |2 snkbucl  |9 267496 
773 0 |t Slovenské lesokruhy  |g Č. 9-10 (2003), s. 31  |x 1336-0612 
850 |a Slovenská národná knižnica 
852 |a Slovenská národná knižnica 
958 |a ONDV 
958 |a article27 
999 |c 3000229  |d 3002159